[Event "HUN-chT2 Toth 1011"]
[Site "Hungary"]
[Date "2010.09.12"]
[Round "1.9"]
[White "Benyovszki, Pal"]
[Black "Fodor, Istvan"]
[Result "1-0"]
[WhiteElo "1979"]
[BlackElo "2004"]
[PlyCount "89"]
[EventDate "2010.09.12"]
[EventType "team-tourn"]
[EventRounds "11"]
[EventCountry "HUN"]
[SourceTitle "EXT 2012"]
[Source "ChessBase"]
[SourceDate "2011.11.24"]
[SourceVersion "1"]
[SourceVersionDate "2011.11.24"]
[SourceQuality "1"]
[WhiteTeam "Mezobereny"]
[BlackTeam "Karcag"]
[WhiteTeamCountry "HUN"]
[BlackTeamCountry "HUN"]

1. e4 c5 2. f4 Nc6 3. Nf3 d6 4. Bc4 e6 5. Nc3 a6 6. a4 Qc7 7. 0-0 Nf6 8. d3 Be7 9. Qe2 Nd4 10. Nxd4 cxd4 11. Nd1 0-0 12. f5 Qc5 13. Bd2 exf5 14. exf5 Qe5 15. Qf3 d5 16. Bb3 Bd7 17. Re1 Qd6 18. g4 h6 19. Bf4 Qc5 20. h4 Nh7 21. Qg3 g5 22. hxg5 hxg5 23. Bd2 Bd6 24. Qh3 Kg7 25. Kg2 Rae8 26. Rh1 Kf6 27. Qh6+ Ke7 28. Re1+ Kd8 29. Qxh7 Rxe1 30. Bxe1 Re8 31. Nf2 Bc7 32. Qxf7 Qd6 33. Qh5 Qg3+ 34. Kf1 Bf4 35. Qh3 Qe3 36. Qxe3 dxe3 37. Nh3 e2+ 38. Kf2 Bc7 39. Bxd5 Bb6+ 40. Kg2 Kc7 41. Nxg5 Kd6 42. Bf3 Bxf5 43. gxf5 Rg8 44. Bg3+ Kd7 45. Ne4 1-0

[Event "HUN-chT2 Toth 0910"]
[Site "Hungary"]
[Date "2010.03.21"]
[Round "8.5"]
[White "Benyovszki, Pal"]
[Black "Nagy, Jozsef"]
[Result "1-0"]
[WhiteElo "1997"]
[BlackElo "1956"]
[PlyCount "131"]
[EventDate "2009.11.08"]
[EventType "team-tourn"]
[EventRounds "11"]
[EventCountry "HUN"]
[SourceTitle "EXT 2011"]
[Source "ChessBase"]
[SourceDate "2010.11.26"]
[SourceVersion "1"]
[SourceVersionDate "2010.11.26"]
[SourceQuality "1"]
[WhiteTeam "Mezobereny"]
[BlackTeam "Kkfhazi Honved"]
[WhiteTeamCountry "HUN"]
[BlackTeamCountry "HUN"]

1. e4 c5 2. f4 d6 3. Bc4 Nc6 4. Nf3 e6 5. Nc3 a6 6. a4 Be7 7. 0-0 Bd7 8. Kh1 Na5 9. Qe2 Nxc4 10. Qxc4 Nf6 11. d4 cxd4 12. Nxd4 Qc8 13. Qd3 Bc6 14. e5 Nd5 15. Qg3 Nxc3 16. Qxg7 Rf8 17. bxc3 Be4 18. Ba3 d5 19. f5 Bxa3 20. Rxa3 exf5 21. Qf6 Rg8 22. Rf2 Qc4 23. Kg1 Qc5 24. Rb3 b5 25. e6 fxe6 26. Qxe6+ Kf8 27. Qxe4 dxe4 28. Ne6+ Ke7 29. Nxc5 Raf8 30. axb5 axb5 31. Rxb5 Kd6 32. Nb3 e3 33. Re2 f4 34. Nd4 f3 35. Nxf3 Rxf3 36. h3 Rxh3 37. Rf5 Rhg3 38. Rh5 R8g7 39. Kh2 Kc6 40. Rh3 R3g4 41. Rhxe3 Kd6 42. Re4 R4g5 43. Kh3 Rg3+ 44. Kh2 R3g5 45. Ra4 Kc6 46. c4 Rg4 47. Rd2 Kb6 48. c5+ Kxc5 49. Rxg4 Rxg4 50. Kh3 Rg7 51. g4 Kc4 52. Kh4 Kc3 53. Rf2 Kd4 54. g5 Ke5 55. Kh5 Rc7 56. Kh6 Ke6 57. c4 Ke5 58. c5 Ke6 59. c6 Ke5 60. Rf6 Re7 61. Rf8 Re6+ 62. Kxh7 Rxc6 63. g6 Rc1 64. g7 Rh1+ 65. Kg6 Rg1+ 66. Kf7 1-0

[Event "HUN-chT2 Toth 0809"]
[Site "Hungary"]
[Date "2009.01.11"]
[Round "5.6"]
[White "Donko, Matyas"]
[Black "Benyovszki, Pal"]
[Result "0-1"]
[WhiteElo "2010"]
[BlackElo "2031"]
[PlyCount "126"]
[EventDate "2008.10.26"]
[EventType "team-tourn"]
[EventRounds "11"]
[EventCountry "HUN"]
[SourceTitle "EXT 2010"]
[Source "ChessBase"]
[SourceDate "2010.11.25"]
[SourceVersion "1"]
[SourceVersionDate "2010.11.25"]
[SourceQuality "1"]
[WhiteTeam "Takisz"]
[BlackTeam "Mezobereny"]
[WhiteTeamCountry "HUN"]
[BlackTeamCountry "HUN"]

1. e4 c5 2. Nf3 d6 3. d4 cxd4 4. Nxd4 Nf6 5. Nc3 a6 6. Bg5 e6 7. f4 Qb6 8. a3 Bd7 9. Qd2 Nc6 10. 0-0-0 Be7 11. Nf3 0-0-0 12. Bd3 h6 13. Bh4 Be8 14. Bf2 Qa5 15. Kb1 d5 16. e5 Nd7 17. Nd4 Qc7 18. Nb3 Kb8 19. Na4 Na7 20. Qe3 b5 21. Nac5 Nxc5 22. Nxc5 Bxc5 23. Qxc5 Nc8 24. Qd4 Ne7 25. Rhe1 Rc8 26. g4 h5 27. h3 hxg4 28. hxg4 Bd7 29. Re3 Rh2 30. Rf3 Rch8 31. f5 Nc6 32. Qc5 Rh1 33. Rxh1 Rxh1+ 34. Ka2 Nxe5 35. Qxc7+ Kxc7 36. Bg3 f6 37. g5 Kd8 38. gxf6 gxf6 39. Rf2 Nxd3 40. cxd3 e5 41. d4 e4 42. Bd6 Ke8 43. Kb3 a5 44. Bc7 Rh3+ 45. Kc2 a4 46. Ba5 Rh5 47. Kd2 Bxf5 48. Ke3 Ke7 49. Bc3 Bd7 50. Kf4 Kf7 51. Bd2 Rh4+ 52. Ke3 Rh3+ 53. Kf4 Kg6 54. Rg2+ Kh5 55. Rg3 Rh2 56. Rg7 Rf2+ 57. Ke3 Rf3+ 58. Ke2 Bg4 59. Ke1 e3 60. Bc1 Rg3 61. Rh7+ Kg6 62. Rh1 Bf3 63. Rf1 e2 0-1

[Event "HUN-chT2 Toth 0708"]
[Site "Hungary"]
[Date "2008.03.02"]
[Round "7"]
[White "Szaszak, Andras"]
[Black "Benyovszki, Pal"]
[Result "1/2-1/2"]
[WhiteElo "2257"]
[BlackElo "2061"]
[PlyCount "33"]
[EventDate "2007.10.14"]
[EventType "team"]
[EventRounds "11"]
[EventCountry "HUN"]
[SourceTitle "EXT 2009"]
[Source "ChessBase"]
[SourceDate "2008.11.26"]
[SourceVersion "1"]
[SourceVersionDate "2008.11.26"]
[SourceQuality "1"]
[WhiteTeam "Gyula"]
[BlackTeam "Mezobereny"]
[WhiteTeamCountry "HUN"]
[BlackTeamCountry "HUN"]

1. e4 c5 2. Nf3 d6 3. Bb5+ Bd7 4. Bxd7+ Nxd7 5. c4 Ngf6 6. Nc3 e6 7. 0-0 Be7 8. d4 cxd4 9. Nxd4 a6 10. Be3 Rc8 11. Qe2 Qc7 12. b3 0-0 13. Rac1 Nc5 14. f3 Rfd8 15. Rfd1 Qa5 16. Qb2 Ncd7 17. b4 1/2-1/2

[Event "HUN-chT2 Toth 0708"]
[Site "Hungary"]
[Date "2007.11.25"]
[Round "3"]
[White "Benyovszki, Pal"]
[Black "Kovacs, Arthur"]
[Result "1/2-1/2"]
[WhiteElo "2067"]
[BlackElo "2133"]
[PlyCount "84"]
[EventDate "2007.10.14"]
[EventType "team"]
[EventRounds "11"]
[EventCountry "HUN"]
[SourceTitle "EXT 2009"]
[Source "ChessBase"]
[SourceDate "2008.11.26"]
[SourceVersion "1"]
[SourceVersionDate "2008.11.26"]
[SourceQuality "1"]
[WhiteTeam "Mezobereny"]
[BlackTeam "Mako II"]
[WhiteTeamCountry "HUN"]
[BlackTeamCountry "HUN"]

1. e4 c6 2. d4 d5 3. Nc3 dxe4 4. Nxe4 Nd7 5. Bc4 Ngf6 6. Ng5 e6 7. Qe2 Nb6 8. Bb3 h6 9. N5f3 a5 10. c3 c5 11. Be3 Qc7 12. dxc5 Bxc5 13. Qb5+ Nbd7 14. Bxc5 Qxc5 15. Qxc5 Nxc5 16. Bc2 Bd7 17. Ne2 0-0 18. Ned4 e5 19. Nxe5 Rae8 20. f4 Ng4 21. 0-0-0 Nf2 22. b4 f6 23. Ng6 Nxh1 24. bxc5 Nf2 25. Nxf8 Kxf8 26. Rd2 Re1+ 27. Kb2 Ne4 28. Bxe4 Rxe4 29. g3 Ke7 30. c4 g5 31. Re2 Rxe2+ 32. Nxe2 Ba4 33. Nd4 Kd7 34. Kc3 Bd1 35. Nb3 a4 36. Na5 Kc7 37. Kb4 Bc2 38. Kb5 Bd1 39. a3 Bc2 40. Kb4 Bd1 41. Kc3 Bf3 42. Kb4 Bd1 1/2-1/2

[Event "IECG CP.2005.P.00110"]
[Site "IECG email"]
[Date "2005.10.01"]
[Round "?"]
[White "Benyovszki, Pal"]
[Black "Masera, Javier Horacio"]
[Result "1/2-1/2"]
[WhiteElo "1451"]
[BlackElo "2196"]
[PlyCount "51"]
[EventDate "2005.10.01"]
[EventType "tourn (corr)"]
[EventRounds "6"]
[SourceTitle "Corr 2008"]
[Source "ChessBase"]
[SourceDate "2008.06.24"]
[SourceVersion "1"]
[SourceVersionDate "2008.06.24"]
[SourceQuality "1"]

1. e4 c5 2. Nf3 d6 3. d4 cxd4 4. Nxd4 Nf6 5. Nc3 a6 6. Bg5 e6 7. f4 Qb6 8. Nb3 Nbd7 9. Qf3 Qc7 10. Bd3 b5 11. 0-0 Bb7 12. Rae1 Be7 13. Kh1 0-0 14. Qg3 b4 15. Nb1 e5 16. fxe5 dxe5 17. N1d2 Nh5 18. Qg4 Bxg5 19. Qxg5 Ndf6 20. Nc4 Rae8 21. Nba5 Bc8 22. Qd2 Qc5 23. Nb3 Qe7 24. Nca5 Qd6 25. Nc4 Qb8 26. Nca5 1/2-1/2

[Event "HUN-chT2 Barcza 0405"]
[Site "Hungary"]
[Date "2004.11.21"]
[Round "3"]
[White "Benyovszki, Pal"]
[Black "Fodor, Istvan"]
[Result "1-0"]
[WhiteElo "2028"]
[BlackElo "2129"]
[PlyCount "71"]
[EventDate "2004.09.26"]
[EventType "team"]
[EventRounds "11"]
[EventCountry "HUN"]
[SourceTitle "EXT 2009"]
[Source "ChessBase"]
[SourceDate "2008.11.26"]
[SourceVersion "1"]
[SourceVersionDate "2008.11.26"]
[SourceQuality "1"]
[WhiteTeam "DEAC"]
[BlackTeam "Karcag"]
[WhiteTeamCountry "HUN"]
[BlackTeamCountry "HUN"]

1. e4 c5 2. Nf3 Nc6 3. d4 cxd4 4. Nxd4 Nf6 5. Nc3 e5 6. Ndb5 d6 7. Bg5 a6 8. Bxf6 gxf6 9. Na3 f5 10. Qh5 b5 11. Nd5 Be6 12. Bd3 Bg7 13. c3 h6 14. 0-0 0-0 15. Nc2 f4 16. a4 Rb8 17. axb5 axb5 18. Ra6 Ne7 19. Ncb4 Bxd5 20. exd5 f5 21. f3 Qc7 22. Nc6 Nxc6 23. Rxc6 Qd7 24. Ra1 Ra8 25. Raa6 Rxa6 26. Rxa6 Qc7 27. Qg6 Qc5+ 28. Kf1 Qe3 29. Bxf5 Qc1+ 30. Kf2 Qxb2+ 31. Bc2 Qxc3 32. Qh7+ Kf7 33. Ra7+ Ke8 34. Qg6+ Kd8 35. Qxd6+ Kc8 36. Qd7+ 1-0

[Event "HUN-chT2 Barcza 0304"]
[Site "Hungary"]
[Date "2004.02.22"]
[Round "8"]
[White "Benyovszki, Pal"]
[Black "Szabo, Laszlo1111"]
[Result "1-0"]
[WhiteElo "2076"]
[BlackElo "1908"]
[PlyCount "99"]
[EventDate "2003.08.29"]
[EventType "team"]
[EventRounds "11"]
[EventCountry "HUN"]
[SourceTitle "EXT 2009"]
[Source "ChessBase"]
[SourceDate "2008.11.26"]
[SourceVersion "1"]
[SourceVersionDate "2008.11.26"]
[SourceQuality "1"]
[WhiteTeam "DEAC"]
[BlackTeam "Hajduboszormeny II"]
[WhiteTeamCountry "HUN"]
[BlackTeamCountry "HUN"]

1. e4 e6 2. d4 d5 3. Nc3 Nf6 4. Bg5 Be7 5. e5 Nfd7 6. h4 Bxg5 7. hxg5 Qxg5 8. Nh3 Qe7 9. Nf4 Nc6 10. Nb5 Nf8 11. Qg4 g6 12. 0-0-0 a6 13. Nc3 Bd7 14. Qg3 0-0-0 15. Qe3 Na5 16. Kb1 Bc6 17. Bd3 Nd7 18. Qe2 Nb6 19. a3 Nbc4 20. g3 b5 21. Na2 Bb7 22. Rh6 c5 23. dxc5 Qg5 24. Rdh1 Qxe5 25. Qxe5 Nxe5 26. Rxh7 Rhg8 27. Nb4 Nac4 28. c6 Ba8 29. c7 Kxc7 30. Nxe6+ Kb6 31. Nxd8 Rxd8 32. Rh8 Rxh8 33. Rxh8 Bb7 34. Rf8 a5 35. Na2 Nxd3 36. cxd3 Nd6 37. Nc3 Kc6 38. Ne2 Kc5 39. Kc2 d4 40. Rd8 Nf5 41. g4 Bf3 42. gxf5 Bxe2 43. fxg6 fxg6 44. Rg8 Bh5 45. f4 Kc6 46. Re8 Bg4 47. Re5 Bf5 48. a4 b4 49. Rxa5 b3+ 50. Kd2 1-0